| 000 | 00798cab a2200229 4500 | ||
|---|---|---|---|
| 001 | WB3512-35 | ||
| 008 | 090401t1999 xxu||||| |||| 00| 0 eng d | ||
| 035 | _a(Sirsi) u92403 | ||
| 041 | _aeng | ||
| 245 | _aInternet assessment | ||
| 260 | _c1999 | ||
| 350 | _a0 | ||
| 490 |
_aProperty Week _v64(11) 26 March 1999, 7(1) |
||
| 520 | _aThe British Chamber of Commerce is concerned over proposals by the Valuation Office to put rating lists only on the Internet. In the past, landlords have been sent advance notice of their possible liability in January, before the final bills were issued in April. | ||
| 650 | _aINTERNET | ||
| 650 | _aRATING ASSESSMENTS | ||
| 650 | _aRATING LISTS | ||
| 650 | _aVALUATION OFFICE | ||
| 690 | _aRATING AND VALUATION | ||
| 942 | _n0 | ||
| 948 | _c26/03/1999 | ||
| 999 |
_c58585 _d58585 |
||